American labor dynamics in the light of post-war developments ; an inquiry by thirty-two labor men, teachers, editors, and technicians /

Bibliographic Details
Main Author: Hardman, J. B. S. (Jacob Benjamin Salutsky), 1882-1968
Corporate Author: American Labor Problem Associates
Format: Book
Language:English
Published: New York : Harcourt, Brace and company, [1928]
Subjects:

MARC

Tag First Indicator Second Indicator Subfields
LEADER 00000cam a2200000 4500
001 in00000073254
005 20151008052515.0
008 761223s1928 nyu 00010 eng
010 |a  28006424  
035 |a (OCoLC)02643133 
035 |9 AAH3648AM 
040 |a DLC  |c KSU  |d TXA  |d UtOrBLW 
049 |a TXAM  |c [36096] 
050 0 |a HD8072  |b .H28 
092 |a 331.01  |b H26a 
100 1 |a Hardman, J. B. S.  |q (Jacob Benjamin Salutsky),  |d 1882-1968. 
245 1 0 |a American labor dynamics in the light of post-war developments ;  |b an inquiry by thirty-two labor men, teachers, editors, and technicians /  |c edited by J. B. S. Hardman. 
264 1 |a New York :  |b Harcourt, Brace and company,  |c [1928] 
264 4 |c [©1928] 
300 |a xv, 432 pages ;  |c 23 cm. 
336 |a text  |b txt  |2 rdacontent 
337 |a unmediated  |b n  |2 rdamedia 
338 |a volume  |b nc  |2 rdacarrier 
500 |a These studies were guided by the provisional officers and Advisory board of the American labor problem associates. cf. Editor's foreword. 
650 0 |a Working class  |z United States  |y 1914- 
650 0 |a Labor unions  |z United States. 
650 0 |a Labor movement  |z United States  |y 1914- 
650 0 |a Labor  |z United States  |y 1914- 
710 2 |a American Labor Problem Associates. 
999 |a MARS 
999 f f |s 1ca7f23c-4ed6-3095-8ebe-7f2d9a0678be  |i 3c2cd37f-d698-37a7-80fa-0d2fb63a5261  |t 0 
952 f f |p ric  |a Texas A&M University  |b Rellis Campus  |c Joint Library Facility  |d Remote Storage  |t 0  |e HD8072 .H28  |h Library of Congress classification  |i unmediated -- volume  |m A14800712688 
998 f f |a HD8072 .H28  |t 0  |l Remote Storage